| 000 | 00773nam a2200205Ia 4500 | ||
|---|---|---|---|
| 001 | 9820 | ||
| 003 | GE_BSU | ||
| 008 | 181216s||||||||xx |||||||||||||| ||und|| | ||
| 040 | _cGE_BSU | ||
| 080 | _a821.353.1 | ||
| 100 | _aორბელიანი,გრიგოლ | ||
| 245 | _aთზულებათა სრული კრებული 1804-1883 | ||
| 245 | _cგაწერელიას და ჯ.ჭუბურიძის შესავ.წერილებით.რედ.და შენიშვნები | ||
| 260 | _aთბილისი | ||
| 260 | _bსაბჭ.მწერალი | ||
| 260 | _c1959 | ||
| 300 | _a600გვ.21სმ. | ||
| 653 | _aთზულებათა სრული კრებული | ||
| 942 | _cBK | ||
| 999 |
_c43099 _d43099 |
||